| 000 | 00526nam a22001937a 4500 | ||
|---|---|---|---|
| 001 | 8543 | ||
| 003 | FISKH | ||
| 005 | 20250918154730.0 | ||
| 008 | 250918b cb ||||| |||| 00| 0 eng d | ||
| 020 | _a9780194315104 | ||
| 040 |
_aFISKH _beng _cFISKH _dFISKH |
||
| 082 | _a495.9110321 | ||
| 100 | _aAnonymous | ||
| 245 | _aDictionary English-Khmer អង់គ្លេស - ខ្មែរ / | ||
| 260 |
_aPnhom Penh : _c2002 |
||
| 300 |
_a1492 pages : _bcolor illustrations ; _c21 cm |
||
| 942 |
_2ddc _cBK _n0 |
||
| 999 |
_c8543 _d8543 |
||